000 00450nam a2200157 4500
001 133376
003 ES-MaACL
005 20230906194406.0
007 t|
008 070214s1972 sp r ||||1| spa d
100 1 _aRueda, Nieves.
_9100512
245 1 0 _aLuz
_b: poemas magdaleneros /
_cNieves Rueda.
260 _aCastellón :
_b[s. n.],
_c1972 (
_fGráf. Castalia)
300 _a103 p., 26 lám. ;
_c22 cm.
852 _aES-MaACL
_jC-45666
_bR.81093
999 _c133376
_d133376